Science, technology and innovation policy review Jamaica
Salvato in:
| Natura: | Libro |
|---|---|
| Lingua: | inglese |
| Pubblicazione: |
New York
United Nations/United Nations Conference on Trade and Development
1999
|
| Soggetti: | |
| Tags: |
Nessun Tag, puoi essere il primo ad aggiungerne!!
|
MARC
| LEADER | 00000nam a2200000 4500 | ||
|---|---|---|---|
| 001 | c124703 | ||
| 005 | 20221221083545.4 | ||
| 020 | |a 92-1-112429-8 | ||
| 041 | 0 | |a eng | |
| 044 | |a US | ||
| 245 | 1 | 0 | |a Science, technology and innovation policy review |b Jamaica |
| 264 | 1 | |a New York |b United Nations/United Nations Conference on Trade and Development |c 1999 | |
| 300 | |a 156 s. | ||
| 610 | 2 | 0 | |a veda |
| 610 | 2 | 0 | |a technológia |
| 610 | 2 | 0 | |a politika hospodárska |
| 610 | 2 | 0 | |a inovácia |
| 610 | 2 | 0 | |a makroekonomika |
| 610 | 2 | 0 | |a vzdelávanie |
| 610 | 2 | 0 | |a sektory hospodárske |
| 610 | 2 | 0 | |a výroba |
| 610 | 2 | 0 | |a turistika |
| 610 | 2 | 0 | |a ruch cestovný |
| 610 | 2 | 0 | |a priemysel |
| 610 | 2 | 0 | |a hudba |
| 610 | 2 | 0 | |a infraštruktúra |
| 610 | 2 | 0 | |a technológie informačné |
| 610 | 2 | 0 | |a poľnohospodárstvo |
| 610 | 2 | 0 | |a inštitúcia |
| 610 | 2 | 0 | |a sektor súkromný |
| 610 | 2 | 0 | |a Jamajka |
| 610 | 2 | 0 | |a OSN |